[Event "Bundesliga 1314"]
[Site "Germany"]
[Date "2014.03.16"]
[Round "12.1"]
[White "Hansen, Eric"]
[Black "Rabiega, Robert"]
[Result "0-1"]
[WhiteElo "2567"]
[BlackElo "2507"]
[PlyCount "86"]
[GameId "1166657500413952"]
[EventDate "2013.10.12"]
[EventType "team-tourn"]
[EventRounds "15"]
[EventCountry "GER"]
[SourceTitle "CBM 160"]
[Source "ChessBase"]
[SourceDate "2014.05.15"]
[SourceVersion "1"]
[SourceVersionDate "2014.05.15"]
[SourceQuality "1"]
[WhiteTeam "Wattenscheid"]
[BlackTeam "Koenig Tegel"]
[WhiteTeamCountry "GER"]
[BlackTeamCountry "GER"]

1. e4 e5 2. Bc4 Nf6 3. d3 Nc6 4. Nf3 Be7 5. O-O O-O 6. c3 d6 7. Bb3 h6 8. Re1 Kh8 9. Nbd2 Nh7 10. d4 Ng5 11. dxe5 Nxe5 12. Nxe5 dxe5 13. Qh5 Kh7 14. Nc4 g6 15. Qe2 Bf6 16. Qe3 Bg7 17. Qg3 Qf6 18. f4 exf4 19. Bxf4 b5 20. Ne5 Ne6 21. Bxe6 Qxe6 22. Nd3 c6 23. Bd6 Rd8 24. e5 Qg4 25. Qf2 Be6 26. Nc5 Qf5 27. Qe3 Bd5 28. h3 Re8 29. a4 a6 30. Rf1 Qg5 31. Qxg5 hxg5 32. Nd7 Rad8 33. Nf6+ Bxf6 34. Rxf6 Rd7 35. g4 Kg7 36. a5 Rh8 37. Kh2 Be6 38. Rf3 Bxg4 39. Re3 Be6 40. Kg2 Rh4 41. b4 Kh6 42. Rd1 Kh5 43. Rd4 f5 0-1

[Event "BCF-chT1a 1314 (4NCL)"]
[Site "England"]
[Date "2014.01.11"]
[Round "3.116"]
[White "Hansen, Eric"]
[Black "Ledger, Dave J"]
[Result "1-0"]
[WhiteElo "2547"]
[BlackElo "2262"]
[PlyCount "93"]
[GameId "1166657656647680"]
[EventDate "2013.11.16"]
[EventType "team-tourn"]
[EventRounds "7"]
[EventCountry "ENG"]
[SourceTitle "EXT 2015"]
[Source "ChessBase"]
[SourceDate "2014.11.20"]
[SourceVersion "1"]
[SourceVersionDate "2014.11.20"]
[SourceQuality "1"]
[WhiteTeam "Guildford"]
[BlackTeam "Blackthorne Russia"]
[WhiteTeamCountry "ENG"]
[BlackTeamCountry "ENG"]

1. e4 e5 2. Nf3 Nc6 3. Bb5 a6 4. Ba4 Nf6 5. O-O b5 6. Bb3 Bb7 7. d3 Be7 8. Nc3 O-O 9. Re1 h6 10. a3 Re8 11. Nd5 Bf8 12. c3 a5 13. a4 b4 14. Bd2 Ba6 15. Qc2 Rb8 16. Rab1 d6 17. d4 exd4 18. cxd4 Nxd5 19. Qxc6 Nb6 20. Rbc1 Re7 21. d5 Bb7 22. Qc2 Nd7 23. Nd4 g6 24. Nc6 Bxc6 25. dxc6 Nc5 26. Bd5 Ne6 27. Be3 Bg7 28. f4 Qe8 29. Qf2 Nd8 30. Kh1 b3 31. e5 dxe5 32. Bc5 Re6 33. Bxe6 Qxe6 34. Bd4 exd4 35. Rxe6 Nxe6 36. f5 gxf5 37. Qxf5 Rd8 38. Rf1 Rf8 39. h4 Nd8 40. Qxa5 Nxc6 41. Qxc7 Ne5 42. a5 d3 43. a6 d2 44. Rd1 Ng4 45. Rxd2 Be5 46. Qc4 h5 47. a7 1-0

[Event "BCF-chT1a 1314 (4NCL)"]
[Site "England"]
[Date "2014.01.12"]
[Round "4.116"]
[White "Poobalasingam, Peter"]
[Black "Hansen, Eric"]
[Result "0-1"]
[WhiteElo "2245"]
[BlackElo "2547"]
[PlyCount "66"]
[GameId "1166657656877056"]
[EventDate "2013.11.16"]
[EventType "team-tourn"]
[EventRounds "7"]
[EventCountry "ENG"]
[SourceTitle "EXT 2015"]
[Source "ChessBase"]
[SourceDate "2014.11.20"]
[SourceVersion "1"]
[SourceVersionDate "2014.11.20"]
[SourceQuality "1"]
[WhiteTeam "Barbican II"]
[BlackTeam "Guildford"]
[WhiteTeamCountry "ENG"]
[BlackTeamCountry "ENG"]

1. Nf3 g6 2. g3 Bg7 3. Bg2 c5 4. c4 Nc6 5. O-O Nh6 6. Nc3 Nf5 7. a3 d6 8. d3 Rb8 9. Bd2 h5 10. h3 a6 11. Rb1 Nfd4 12. Ne1 Bd7 13. b4 cxb4 14. axb4 b5 15. e3 Nf5 16. cxb5 axb5 17. Nc2 e6 18. Ne4 Rc8 19. Na3 Ne5 20. Bc1 Qb6 21. Kh2 Ke7 22. Bb2 Bc6 23. Nc2 Qc7 24. Nd4 h4 25. f4 Bxe4 26. dxe4 hxg3+ 27. Kh1 Nxe3 28. Qe2 Nxf1 29. fxe5 dxe5 30. Nxb5 Qc2 31. Qxc2 Rxc2 32. Bxf1 Bh6 33. Bg2 Be3 0-1

[Event "BCF-chT1a 1314 (4NCL)"]
[Site "England"]
[Date "2014.02.15"]
[Round "5.115"]
[White "Hansen, Eric"]
[Black "Kwiatkowski, Feliks Jerzy"]
[Result "1-0"]
[WhiteElo "2547"]
[BlackElo "2215"]
[PlyCount "73"]
[GameId "1166657657245696"]
[EventDate "2013.11.16"]
[EventType "team-tourn"]
[EventRounds "7"]
[EventCountry "ENG"]
[SourceTitle "EXT 2015"]
[Source "ChessBase"]
[SourceDate "2014.11.20"]
[SourceVersion "1"]
[SourceVersionDate "2014.11.20"]
[SourceQuality "1"]
[WhiteTeam "Guildford"]
[BlackTeam "Kings Head"]
[WhiteTeamCountry "ENG"]
[BlackTeamCountry "ENG"]

1. e4 c5 2. Nf3 Nc6 3. Bb5 Nf6 4. Bxc6 dxc6 5. d3 Qc7 6. O-O e5 7. Qe1 Bg4 8. Nbd2 h6 9. b3 O-O-O 10. Bb2 Bd6 11. Qe3 Rhe8 12. Nc4 Nd7 13. Nfd2 g5 14. Nxd6+ Qxd6 15. Nc4 Qe6 16. b4 b5 17. Na5 Kc7 18. a4 a6 19. axb5 axb5 20. Nb3 cxb4 21. Nc5 Nxc5 22. Qxc5 Ra8 23. f3 Bh5 24. Bxe5+ Kb7 25. Bd4 Reb8 26. Qxb4 Rxa1 27. Rxa1 Ra8 28. Rxa8 Kxa8 29. Qa5+ Kb8 30. Qa7+ Kc8 31. Bb6 Qd6 32. Qa8+ Kd7 33. g4 Bg6 34. Qd8+ Ke6 35. Qe8+ Kf6 36. e5+ Qxe5 37. Bd8+ 1-0

[Event "BCF-chT1a 1314 (4NCL)"]
[Site "England"]
[Date "2014.02.16"]
[Round "6.115"]
[White "Hamitevici, Vladimir"]
[Black "Hansen, Eric"]
[Result "0-1"]
[WhiteElo "2506"]
[BlackElo "2547"]
[PlyCount "78"]
[GameId "1166657657491456"]
[EventDate "2013.11.16"]
[EventType "team-tourn"]
[EventRounds "7"]
[EventCountry "ENG"]
[SourceTitle "EXT 2015"]
[Source "ChessBase"]
[SourceDate "2014.11.20"]
[SourceVersion "1"]
[SourceVersionDate "2014.11.20"]
[SourceQuality "1"]
[WhiteTeam "Cheddleton"]
[BlackTeam "Guildford"]
[WhiteTeamCountry "ENG"]
[BlackTeamCountry "ENG"]

1. Nf3 Nf6 2. d4 g6 3. Nbd2 Bg7 4. e4 d6 5. Bd3 O-O 6. O-O Nfd7 7. c3 Nc6 8. b4 e5 9. b5 Ne7 10. a4 d5 11. Ba3 Re8 12. Qb3 exd4 13. cxd4 c6 14. Rfe1 Nf8 15. bxc6 bxc6 16. Ne5 Be6 17. Qc3 Qc7 18. Rac1 Nd7 19. Nxd7 Bxd7 20. e5 Nf5 21. Nb3 f6 22. Bxf5 Bxf5 23. Bd6 Qb6 24. Nc5 fxe5 25. dxe5 a5 26. h3 Rad8 27. Qd2 h5 28. g4 hxg4 29. hxg4 Bc8 30. Qg5 Qb4 31. Qxg6 Qxg4+ 32. Qxg4 Bxg4 33. Kg2 Bh6 34. Rb1 Bf5 35. Nb7 Rd7 36. Rb6 Rg7+ 37. Kh1 Bd2 38. Re2 Re6 39. f3 Be3 0-1

[Event "BCF-chT1a 1314 (4NCL)"]
[Site "England"]
[Date "2014.03.22"]
[Round "7.114"]
[White "Hansen, Eric"]
[Black "Dickinson, Timothy R"]
[Result "1-0"]
[WhiteElo "2547"]
[BlackElo "2122"]
[PlyCount "63"]
[GameId "1166657657757696"]
[EventDate "2013.11.16"]
[EventType "team-tourn"]
[EventRounds "7"]
[EventCountry "ENG"]
[SourceTitle "EXT 2015"]
[Source "ChessBase"]
[SourceDate "2014.11.20"]
[SourceVersion "1"]
[SourceVersionDate "2014.11.20"]
[SourceQuality "1"]
[WhiteTeam "Guildford"]
[BlackTeam "Oxford"]
[WhiteTeamCountry "ENG"]
[BlackTeamCountry "ENG"]

1. e4 c6 2. d4 d5 3. e5 a6 4. Nc3 e6 5. Qg4 c5 6. dxc5 Nc6 7. Nf3 Qa5 8. Be3 Nh6 9. Qa4 Nf5 10. Qxa5 Nxa5 11. Bd2 Nc6 12. Na4 Bd7 13. Nb6 Rd8 14. Nxd7 Rxd7 15. b4 g5 16. Nxg5 Nxe5 17. f4 h6 18. Nxe6 Nf3+ 19. gxf3 fxe6 20. Bd3 Rg8 21. Kf2 Bg7 22. c3 d4 23. c4 Bf6 24. Rag1 Bh4+ 25. Ke2 Rdg7 26. Rxg7 Rxg7 27. Be4 Kd8 28. b5 Be7 29. c6 b6 30. bxa6 Bc5 31. c7+ Rxc7 32. Bb7 1-0

[Event "BCF-chT1c 1314 (4NCL) Promotion pool"]
[Site "England"]
[Date "2014.03.23"]
[Round "8.114"]
[White "Wadsworth, Matthew J"]
[Black "Hansen, Eric"]
[Result "1-0"]
[WhiteElo "2189"]
[BlackElo "2547"]
[PlyCount "79"]
[GameId "1166657658052608"]
[EventDate "2013.11.16"]
[EventType "team-tourn"]
[EventRounds "4"]
[EventCountry "ENG"]
[SourceTitle "EXT 2015"]
[Source "ChessBase"]
[SourceDate "2014.11.20"]
[SourceVersion "1"]
[SourceVersionDate "2014.11.20"]
[SourceQuality "1"]
[WhiteTeam "Guildford II"]
[BlackTeam "Guildford"]
[WhiteTeamCountry "ENG"]
[BlackTeamCountry "ENG"]

1. c4 Nf6 2. Nc3 g6 3. g3 Bg7 4. Bg2 O-O 5. d3 d6 6. e4 e5 7. Nge2 Nc6 8. O-O Nh5 9. Be3 Nd4 10. Bxd4 exd4 11. Nb5 c5 12. h3 a6 13. Na3 Rb8 14. g4 Nf6 15. f4 b5 16. b3 bxc4 17. Nxc4 d5 18. Ne5 Bb7 19. Ng3 dxe4 20. dxe4 Re8 21. g5 Nd7 22. Nc4 Nb6 23. Nxb6 Qxb6 24. e5 c4 25. Bxb7 d3+ 26. Kh2 Qxb7 27. bxc4 Qb2+ 28. Kh1 Qd4 29. c5 h6 30. gxh6 Bxh6 31. Qf3 Rb4 32. Rad1 Bxf4 33. Rxd3 Qxe5 34. c6 Qe6 35. Qg2 Be5 36. Re3 Rb2 37. Qxb2 Bxb2 38. Rxe6 Rxe6 39. c7 Re8 40. Rd1 1-0

[Event "Helmond De Legibus op"]
[Site "Helmond"]
[Date "2014.06.28"]
[Round "1"]
[White "Hansen, Eric"]
[Black "Broekhuis, Jan"]
[Result "1-0"]
[WhiteElo "2584"]
[BlackElo "1933"]
[PlyCount "48"]
[GameId "1086706462535680"]
[EventDate "2014.06.28"]
[EventType "swiss (rapid)"]
[EventRounds "9"]
[EventCountry "NED"]
[SourceTitle "EXT 2018"]
[Source "ChessBase"]
[SourceDate "2017.10.13"]
[SourceVersion "1"]
[SourceVersionDate "2017.10.13"]
[SourceQuality "1"]

1. e4 e6 2. d4 d5 3. Nc3 Nf6 4. Bg5 Be7 5. e5 Nfd7 6. h4 a6 7. Qg4 Kf8 8. Nf3 c5 9. dxc5 Nc6 10. Qf4 Nxc5 11. O-O-O b5 12. Kb1 b4 13. Ne2 h6 14. Bxe7+ Qxe7 15. Ned4 Nxd4 16. Nxd4 Bb7 17. g4 Rc8 18. Be2 g6 19. Qe3 Kg7 20. f4 f6 21. exf6+ Qxf6 22. g5 Qf7 23. Qe5+ Kh7 24. h5 Ra8 1-0

[Event "Helmond De Legibus op"]
[Site "Helmond"]
[Date "2014.06.28"]
[Round "2"]
[White "Majhi, Ankit"]
[Black "Hansen, Eric"]
[Result "0-1"]
[WhiteElo "2155"]
[BlackElo "2584"]
[PlyCount "62"]
[GameId "1086706666479616"]
[EventDate "2014.06.28"]
[EventType "swiss (rapid)"]
[EventRounds "9"]
[EventCountry "NED"]
[SourceTitle "EXT 2018"]
[Source "ChessBase"]
[SourceDate "2017.10.13"]
[SourceVersion "1"]
[SourceVersionDate "2017.10.13"]
[SourceQuality "1"]

1. e4 c5 2. Nf3 e6 3. d4 cxd4 4. Nxd4 a6 5. Nc3 Qc7 6. Be2 Nf6 7. O-O Bb4 8. Bf3 Nc6 9. Bg5 Ne5 10. Bxf6 gxf6 11. Nce2 h5 12. c3 Be7 13. Re1 b6 14. Qc2 Bb7 15. Rad1 O-O-O 16. Nc1 Ng4 17. g3 Rdg8 18. Nd3 h4 19. Bxg4 Rxg4 20. Qe2 Rxe4 21. Qxe4 Bxe4 22. Rxe4 Qb7 23. Rde1 hxg3 24. fxg3 d5 25. Rg4 f5 26. Rf4 Bd6 27. Rf2 Qc7 28. Re3 Kb7 29. Kg2 Rg8 30. a4 f4 31. Ref3 fxg3 0-1

[Event "Helmond De Legibus op"]
[Site "Helmond"]
[Date "2014.06.28"]
[Round "3"]
[White "Hansen, Eric"]
[Black "Jonkman, Harmen"]
[Result "1/2-1/2"]
[WhiteElo "2584"]
[BlackElo "2396"]
[PlyCount "119"]
[GameId "1086706731061248"]
[EventDate "2014.06.28"]
[EventType "swiss (rapid)"]
[EventRounds "9"]
[EventCountry "NED"]
[SourceTitle "EXT 2018"]
[Source "ChessBase"]
[SourceDate "2017.10.13"]
[SourceVersion "1"]
[SourceVersionDate "2017.10.13"]
[SourceQuality "1"]

1. e4 e5 2. Nf3 Nc6 3. Bb5 Nf6 4. d3 Bc5 5. c3 O-O 6. O-O Re8 7. Nbd2 a6 8. Bxc6 dxc6 9. Nc4 Nd7 10. b4 Bf8 11. Be3 b6 12. Qb3 a5 13. Bg5 Be7 14. Bxe7 Qxe7 15. Ne3 Nf8 16. Rfe1 Ng6 17. g3 Bh3 18. a3 Qf6 19. Qd1 Red8 20. Qe2 h6 21. d4 Re8 22. d5 Nf4 23. gxf4 exf4 24. Ng2 Bg4 25. Qd3 g5 26. e5 Qg6 27. Qxg6+ fxg6 28. Nd4 cxd5 29. f3 Bh3 30. b5 Rad8 31. e6 Kg7 32. Re5 Kf6 33. Rae1 Rd6 34. Kf2 Bf5 35. h4 Be4 36. R5xe4 dxe4 37. Rxe4 Rd5 38. hxg5+ hxg5 39. Ke2 Re5 40. Kd3 Rxe4 41. Kxe4 Rh8 42. Ne1 Rh1 43. Nd3 Ra1 44. Nf2 Re1+ 45. Kd5 Ke7 46. Ne4 g4 47. fxg4 Re3 48. Nc2 Rd3+ 49. Kc4 Rd1 50. Nd4 Re1 51. Kd5 Rd1 52. Ke5 g5 53. Nc6+ Kf8 54. e7+ Kf7 55. Nxg5+ Ke8 56. Ne4 Re1 57. Kf5 Rxe4 58. Kxe4 f3 59. Kxf3 Kf7 60. Kf4 1/2-1/2

[Event "Helmond De Legibus op"]
[Site "Helmond"]
[Date "2014.06.28"]
[Round "5"]
[White "Hansen, Eric"]
[Black "Lenaerts, Lennert"]
[Result "1-0"]
[WhiteElo "2584"]
[BlackElo "2098"]
[PlyCount "75"]
[GameId "1086706847252480"]
[EventDate "2014.06.28"]
[EventType "swiss (rapid)"]
[EventRounds "9"]
[EventCountry "NED"]
[SourceTitle "EXT 2018"]
[Source "ChessBase"]
[SourceDate "2017.10.13"]
[SourceVersion "1"]
[SourceVersionDate "2017.10.13"]
[SourceQuality "1"]

1. e4 e5 2. Nf3 Nc6 3. Bb5 a6 4. Ba4 Nge7 5. c3 g6 6. d4 exd4 7. cxd4 Bg7 8. d5 Na5 9. Bd2 Bxb2 10. Bxa5 Bxa1 11. Nc3 Bxc3+ 12. Bxc3 O-O 13. Bf6 Qe8 14. O-O h6 15. Qd2 Kh7 16. Qc3 Ng8 17. e5 b5 18. Bc2 Nxf6 19. exf6 Qd8 20. Re1 d6 21. Re7 Bf5 22. Bxf5 gxf5 23. Nd4 Rg8 24. Nxf5 Rg6 25. Rxf7+ Kg8 26. Re7 Qf8 27. f7+ Kh7 28. h4 Rc8 29. h5 Rg5 30. Qf6 Rxh5 31. Nd4 Re5 32. Ne6 Re1+ 33. Kh2 Rxe6 34. dxe6 c5 35. Rd7 Qg7 36. f8=Q Rxf8 37. Qxf8 h5 38. Qxg7# 1-0

[Event "Helmond De Legibus op"]
[Site "Helmond"]
[Date "2014.06.29"]
[Round "6"]
[White "Castaneda, Georgui"]
[Black "Hansen, Eric"]
[Result "1-0"]
[WhiteElo "2500"]
[BlackElo "2584"]
[PlyCount "63"]
[GameId "1086706925998080"]
[EventDate "2014.06.28"]
[EventType "swiss (rapid)"]
[EventRounds "9"]
[EventCountry "NED"]
[SourceTitle "EXT 2018"]
[Source "ChessBase"]
[SourceDate "2017.10.13"]
[SourceVersion "1"]
[SourceVersionDate "2017.10.13"]
[SourceQuality "1"]

1. d4 Nf6 2. Nf3 g6 3. Bg5 Bg7 4. Nbd2 h6 5. Bh4 d6 6. e4 g5 7. Bg3 Nh5 8. c3 e6 9. Bc4 Qe7 10. Qb3 O-O 11. O-O-O a6 12. e5 b5 13. Bd3 Bb7 14. Ne4 Rd8 15. Bb1 Nc6 16. Qc2 Kf8 17. Qe2 Nxg3 18. hxg3 dxe5 19. Nc5 exd4 20. Nxb7 dxc3 21. Be4 cxb2+ 22. Kb1 Rxd1+ 23. Rxd1 Nd8 24. Nc5 Rc8 25. Qc2 Kg8 26. Rd7 Qe8 27. g4 a5 28. Qd2 Bf8 29. Nxg5 hxg5 30. Qxg5+ Bg7 31. Qh4 a4 32. Re7 1-0

[Event "Helmond De Legibus op"]
[Site "Helmond"]
[Date "2014.06.29"]
[Round "7"]
[White "Hansen, Eric"]
[Black "Loutragotis, Paraskevas Pantelei"]
[Result "1-0"]
[WhiteElo "2584"]
[BlackElo "1570"]
[PlyCount "71"]
[GameId "1086707065479168"]
[EventDate "2014.06.28"]
[EventType "swiss (rapid)"]
[EventRounds "9"]
[EventCountry "NED"]
[SourceTitle "EXT 2018"]
[Source "ChessBase"]
[SourceDate "2017.10.13"]
[SourceVersion "1"]
[SourceVersionDate "2017.10.13"]
[SourceQuality "1"]

1. e4 c5 2. Nf3 d6 3. Bb5+ Bd7 4. Bxd7+ Qxd7 5. c4 g6 6. Nc3 Bg7 7. d4 cxd4 8. Nxd4 Nf6 9. f3 Nc6 10. Nde2 O-O 11. O-O Rac8 12. Bg5 h6 13. Bh4 e6 14. Kh1 Rfd8 15. f4 Ne7 16. b3 a6 17. a4 Ng4 18. Qd3 Re8 19. Rad1 d5 20. h3 Nf6 21. e5 Nh7 22. Bxe7 Qxe7 23. cxd5 exd5 24. Nxd5 Qe6 25. Ng3 Nf8 26. Ne4 Nd7 27. Nd6 Nc5 28. Qf3 Red8 29. Nxc8 Rxc8 30. a5 Nd7 31. Rc1 Rb8 32. Rfd1 Bf8 33. Nc7 Qf5 34. Qd5 Rd8 35. e6 Qxd5 36. Rxd5 1-0

[Event "Helmond De Legibus op"]
[Site "Helmond"]
[Date "2014.06.29"]
[Round "9"]
[White "Hansen, Eric"]
[Black "Akesson, Ralf"]
[Result "1-0"]
[WhiteElo "2584"]
[BlackElo "2446"]
[PlyCount "53"]
[GameId "1086707204530176"]
[EventDate "2014.06.28"]
[EventType "swiss (rapid)"]
[EventRounds "9"]
[EventCountry "NED"]
[SourceTitle "EXT 2018"]
[Source "ChessBase"]
[SourceDate "2017.10.13"]
[SourceVersion "1"]
[SourceVersionDate "2017.10.13"]
[SourceQuality "1"]

1. e4 c6 2. d4 d5 3. e5 Bf5 4. Nf3 e6 5. Be2 Nd7 6. O-O Bg6 7. Nbd2 Nh6 8. Nb3 Nf5 9. c3 Be7 10. g4 Nh4 11. Nxh4 Bxh4 12. f4 f5 13. exf6 gxf6 14. f5 Bf7 15. Qd3 exf5 16. Qh3 Bg5 17. Bxg5 fxg5 18. Bd3 f4 19. Rae1+ Kf8 20. Qh6+ Kg8 21. h4 Nf8 22. Re5 Bg6 23. Rxg5 Ne6 24. Bxg6 Nxg5 25. hxg5 Qe7 26. Bf5 Re8 27. Nc5 1-0

[Event "Olympiad-41"]
[Site "Tromsoe"]
[Date "2014.08.05"]
[Round "4.2"]
[White "Hansen, Eric"]
[Black "Ynojosa Aponte, Felix Jose"]
[Result "1-0"]
[WhiteElo "2593"]
[BlackElo "2448"]
[PlyCount "103"]
[GameId "1166658483277824"]
[EventDate "2014.08.02"]
[EventType "team-swiss"]
[EventRounds "11"]
[EventCountry "NOR"]
[SourceTitle "CBM 162"]
[Source "ChessBase"]
[SourceDate "2014.09.17"]
[SourceVersion "1"]
[SourceVersionDate "2014.09.17"]
[SourceQuality "1"]
[WhiteTeam "Canada"]
[BlackTeam "Venezuela"]
[WhiteTeamCountry "CAN"]
[BlackTeamCountry "VEN"]

1. e4 c5 2. Nf3 Nc6 3. Bb5 e6 4. O-O Nge7 5. Re1 a6 6. Bf1 d5 7. d3 Ng6 8. exd5 Qxd5 9. Nc3 Qd8 10. g3 Be7 11. Bg2 O-O 12. h4 f5 13. Ng5 Rf6 14. Bxc6 bxc6 15. h5 Nf8 16. Nf3 h6 17. Ne5 Bd7 18. Ne2 Bd6 19. Nf4 Be8 20. Nc4 Qc7 21. Qe2 e5 22. Nxd6 Qxd6 23. Qxe5 Qxe5 24. Rxe5 Nd7 25. Re1 Rd6 26. b3 Nf6 27. Bb2 Nd5 28. Ne6 Bxh5 29. Nxg7 Bg6 30. Ne6 Nb4 31. Nf4 Nxc2 32. Be5 Rad8 33. Bxd6 Rxd6 34. Rac1 Nxe1 35. Rxe1 Bf7 36. Rc1 c4 37. bxc4 c5 38. Rb1 Kg7 39. Rb7 Rc6 40. a4 Kf6 41. a5 Be8 42. Nd5+ Kg5 43. Rg7+ Bg6 44. Ne7 Re6 45. Rxg6+ Rxg6 46. Nxg6 Kxg6 47. f4 Kh5 48. Kf2 Kg4 49. d4 cxd4 50. c5 d3 51. c6 d2 52. Ke2 1-0

[Event "Olympiad-41"]
[Site "Tromsoe"]
[Date "2014.08.09"]
[Round "7.2"]
[White "Jones, Gawain C B"]
[Black "Hansen, Eric"]
[Result "1-0"]
[WhiteElo "2665"]
[BlackElo "2593"]
[PlyCount "73"]
[GameId "1166658487410688"]
[EventDate "2014.08.02"]
[EventType "team-swiss"]
[EventRounds "11"]
[EventCountry "NOR"]
[SourceTitle "CBM 162"]
[Source "ChessBase"]
[SourceDate "2014.09.17"]
[SourceVersion "1"]
[SourceVersionDate "2014.09.17"]
[SourceQuality "1"]
[WhiteTeam "England"]
[BlackTeam "Canada"]
[WhiteTeamCountry "ENG"]
[BlackTeamCountry "CAN"]

1. c4 Nf6 2. Nc3 c5 3. Nf3 Nc6 4. g3 d5 5. cxd5 Nxd5 6. Bg2 g6 7. Qa4 Bg7 8. Qb5 Ndb4 9. O-O Qb6 10. d3 Qxb5 11. Nxb5 O-O 12. Nc7 Rb8 13. Bf4 Bxb2 14. Rab1 Bg7 15. Rfc1 e5 16. Be3 b6 17. a3 Na6 18. Nb5 Bd7 19. Nd2 Ra8 20. Nc4 h6 21. Bd5 Kh7 22. Ncd6 f5 23. Rc4 Na5 24. Rh4 Bc6 25. Bxc6 Nxc6 26. Ra4 Ncb8 27. f4 exf4 28. gxf4 Rd8 29. Kf2 Rd7 30. Nc4 Kg8 31. Rg1 Kf7 32. Ncd6+ Kf6 33. Bd2 g5 34. fxg5+ hxg5 35. Rxg5 Ke6 36. Rg6+ Kd5 37. Nxf5 1-0

[Event "American Continental 11th"]
[Site "Montevideo"]
[Date "2015.05.21"]
[Round "8"]
[White "Hansen, Eric"]
[Black "Lenderman, Aleksandr"]
[Result "1-0"]
[WhiteElo "2580"]
[BlackElo "2636"]
[PlyCount "61"]
[GameId "1166659378331648"]
[EventDate "2015.05.15"]
[EventType "swiss"]
[EventRounds "11"]
[EventCountry "URU"]
[SourceTitle "CBM 167"]
[Source "ChessBase"]
[SourceDate "2015.07.13"]
[SourceVersion "1"]
[SourceVersionDate "2015.07.13"]
[SourceQuality "1"]

1. d4 e6 2. c4 f5 3. Nf3 Nf6 4. g3 d5 5. Bg2 Bd6 6. O-O c6 7. b3 Qe7 8. Bb2 b6 9. Qc1 Bb7 10. Ba3 Bxa3 11. Qxa3 Nbd7 12. cxd5 Qxa3 13. Nxa3 exd5 14. Rfc1 a5 15. Nc2 Ne4 16. Nce1 Ke7 17. Nd3 Rhc8 18. Rc2 c5 19. Rac1 a4 20. Bh3 g6 21. g4 axb3 22. axb3 Kf6 23. gxf5 gxf5 24. Nf4 Rg8+ 25. Kf1 Ra3 26. Nh5+ Ke6 27. Nh4 Nd6 28. Ng3 Rg5 29. Rc3 cxd4 30. Rc7 Rxb3 31. Nhxf5 1-0

[Event "American Continental 11th"]
[Site "Montevideo"]
[Date "2015.05.24"]
[Round "11"]
[White "Granda Zuniga, Julio E"]
[Black "Hansen, Eric"]
[Result "1-0"]
[WhiteElo "2650"]
[BlackElo "2580"]
[PlyCount "59"]
[GameId "1166659379200000"]
[EventDate "2015.05.15"]
[EventType "swiss"]
[EventRounds "11"]
[EventCountry "URU"]
[SourceTitle "CBM 167"]
[Source "ChessBase"]
[SourceDate "2015.07.13"]
[SourceVersion "1"]
[SourceVersionDate "2015.07.13"]
[SourceQuality "1"]

1. c4 Nf6 2. Nc3 c5 3. g3 g6 4. Bg2 Bg7 5. e3 Nc6 6. Nge2 O-O 7. O-O e6 8. d4 cxd4 9. exd4 d5 10. c5 b6 11. a3 Ba6 12. Bf4 bxc5 13. dxc5 Nd7 14. Bd6 Re8 15. b4 Bc4 16. Rb1 Nce5 17. Nd4 Bxf1 18. Bxf1 a6 19. Na4 Qc8 20. Nb3 Nc6 21. Nb6 Nxb6 22. cxb6 Rb8 23. Bc7 Be5 24. Bxb8 Qxb8 25. Na5 Qxb6 26. Qa4 Nxa5 27. Qxe8+ Kg7 28. Rc1 Nb3 29. Rc8 Nd4 30. Kg2 1-0

[Event "Wch Blitz 9th"]
[Site "Berlin"]
[Date "2015.10.13"]
[Round "3"]
[White "Hansen, Eric"]
[Black "Jones, Gawain C B"]
[Result "0-1"]
[WhiteElo "2573"]
[BlackElo "2623"]
[PlyCount "59"]
[GameId "1166659966099456"]
[EventDate "2015.10.13"]
[EventType "swiss (blitz)"]
[EventRounds "21"]
[EventCountry "GER"]
[SourceTitle "CBM 168 Extra"]
[Source "ChessBase"]
[SourceDate "2015.10.29"]
[SourceVersion "1"]
[SourceVersionDate "2015.10.29"]
[SourceQuality "1"]

1. e4 c5 2. Nf3 d6 3. Bb5+ Bd7 4. Bxd7+ Qxd7 5. c4 Nf6 6. Nc3 g6 7. d4 cxd4 8. Nxd4 Bg7 9. f3 O-O 10. Be3 Nc6 11. O-O Rac8 12. b3 a6 13. a4 e6 14. Rc1 Rfd8 15. Kh1 d5 16. exd5 exd5 17. c5 Re8 18. Bf2 Ne5 19. Nce2 Bh6 20. Rc2 Bf8 21. Bh4 Nh5 22. h3 Bxc5 23. f4 Bxd4 24. Rxc8 Rxc8 25. Nxd4 Nc6 26. f5 Re8 27. Nxc6 bxc6 28. Qf3 Re4 29. g4 Qe8 30. Bg5 0-1

[Event "London Classic op 7th"]
[Site "London"]
[Date "2015.12.05"]
[Round "2"]
[White "Richardson, John R"]
[Black "Hansen, Eric"]
[Result "0-1"]
[WhiteElo "2314"]
[BlackElo "2573"]
[PlyCount "92"]
[GameId "1166660102488064"]
[EventDate "2015.12.04"]
[EventType "swiss"]
[EventRounds "9"]
[EventCountry "ENG"]
[SourceTitle "CBM 169 Extra"]
[Source "ChessBase"]
[SourceDate "2015.12.18"]
[SourceVersion "1"]
[SourceVersionDate "2015.12.18"]
[SourceQuality "1"]

1. d4 Nf6 2. c4 g6 3. Nf3 Bg7 4. g3 O-O 5. Bg2 d5 6. cxd5 Nxd5 7. O-O Nc6 8. e4 Nb6 9. d5 Na5 10. Nc3 c6 11. Re1 Nac4 12. Qb3 a5 13. dxc6 bxc6 14. Bg5 Be6 15. Rad1 Qc7 16. Bf4 Qa7 17. Qc2 a4 18. Nd4 Bg4 19. Nde2 e5 20. Bc1 Nd7 21. Nb1 Be6 22. Rd3 Rfb8 23. Red1 Rb7 24. Rc3 Na5 25. Qxa4 Qb8 26. Qc2 Bxa2 27. b4 Bxb1 28. Qxb1 Rxb4 29. Qc2 Nf6 30. Ba3 Rb5 31. Nc1 Bf8 32. Bf1 Rb7 33. f3 Nd7 34. Bxf8 Nxf8 35. Bh3 Rb2 36. Qd3 Qb4 37. Rd2 Nc4 38. Rxb2 Nxb2 39. Qc2 Nd1 40. Rxc6 Qd4+ 41. Kh1 Ne3 42. Qd3 Ra1 43. Bf1 Ne6 44. Kg1 Nxf1+ 45. Qxd4 Nxd4 46. Rc8+ Kg7 0-1